[Event "Marmaris Karya 7th"]
[Site "Marmaris"]
[Date "2019.05.26"]
[Round "3.3"]
[White "Alaz, Ahmet Efekan"]
[Black "Darban Vaighani, Morteza"]
[Result "1-0"]
[WhiteElo "2252"]
[BlackElo "2285"]
[PlyCount "59"]
[EventDate "2019.05.25"]
[EventType "schev"]
[EventRounds "10"]
[EventCountry "TUR"]
[SourceTitle "CBM 190 Extra"]
[Source "ChessBase"]
[SourceDate "2019.07.15"]
[SourceVersion "1"]
[SourceVersionDate "2019.07.15"]
[SourceQuality "1"]
[WhiteTeam "Yellow Team"]
[BlackTeam "Blue Team"]
[WhiteTeamCountry "TUR"]
[BlackTeamCountry "TUR"]

1. e4 c5 2. Nf3 d6 3. d4 cxd4 4. Nxd4 Nf6 5. Nc3 g6 6. Be3 Bg7 7. f3 0-0 8. Qd2 Nc6 9. Bc4 Bd7 10. 0-0-0 Ne5 11. Be2 a6 12. h4 b5 13. Nd5 Rc8 14. Kb1 Nc4 15. Bxc4 Rxc4 16. h5 Nxd5 17. exd5 Qa8 18. hxg6 fxg6 19. Ne6 Rf7 20. Ng5 Rf5 21. g4 Rxg5 22. Bxg5 Qf8 23. Qh2 h6 24. Bxh6 Bxh6 25. Qxh6 Qxh6 26. Rxh6 Kg7 27. g5 Bf5 28. Rdh1 Bxc2+ 29. Ka1 Kf7 30. Rh8 1-0

[Event "Marmaris Karya 7th"]
[Site "Marmaris"]
[Date "2019.05.26"]
[Round "4.3"]
[White "Mgeladze, Tamaz"]
[Black "Alaz, Ahmet Efekan"]
[Result "1/2-1/2"]
[WhiteElo "2396"]
[BlackElo "2252"]
[PlyCount "40"]
[EventDate "2019.05.25"]
[EventType "schev"]
[EventRounds "10"]
[EventCountry "TUR"]
[SourceTitle "CBM 190 Extra"]
[Source "ChessBase"]
[SourceDate "2019.07.15"]
[SourceVersion "1"]
[SourceVersionDate "2019.07.15"]
[SourceQuality "1"]
[WhiteTeam "Blue Team"]
[BlackTeam "Yellow Team"]
[WhiteTeamCountry "TUR"]
[BlackTeamCountry "TUR"]

1. e4 c6 2. d4 d5 3. Nd2 dxe4 4. Nxe4 Bf5 5. Ng3 Bg6 6. Nf3 Nd7 7. Bd3 Bxd3 8. Qxd3 e6 9. 0-0 Ngf6 10. c4 Be7 11. Bf4 0-0 12. Rfd1 Qb6 13. Qc2 Rfe8 14. Ne5 Rad8 15. Rd3 c5 16. Rb3 Qa6 17. Ra3 Qb6 18. Rb3 Qa6 19. Ra3 Qb6 20. Rb3 Qa6 1/2-1/2

[Event "Marmaris Karya 4th"]
[Site "Marmaris"]
[Date "2019.01.31"]
[Round "10.5"]
[White "Darban Vaighani, Morteza"]
[Black "Alaz, Ahmet Efekan"]
[Result "0-1"]
[WhiteElo "2333"]
[BlackElo "2218"]
[PlyCount "66"]
[EventDate "2019.01.27"]
[EventType "schev"]
[EventRounds "10"]
[EventCountry "TUR"]
[SourceTitle "CBM 188 Extra"]
[Source "ChessBase"]
[SourceDate "2019.02.26"]
[SourceVersion "1"]
[SourceVersionDate "2019.02.26"]
[SourceQuality "1"]

1. d4 d5 2. Nf3 Nf6 3. Bg5 Ne4 4. Bh4 Qd6 5. c3 Qh6 6. Nbd2 g5 7. Bg3 Nxg3 8. fxg3 g4 9. Ne5 Nc6 10. e4 Nxe5 11. dxe5 dxe4 12. Nxe4 Bg7 13. Qd4 Be6 14. Bb5+ c6 15. Ba4 Rd8 16. Qxa7 Bf5 17. Rd1 0-0 18. Nf2 Ra8 19. Qd4 c5 20. Qc4 Qe3+ 21. Kf1 Be6 22. Qb5 Rfd8 23. Re1 Qd2 24. Ne4 Qd5 25. Bb3 c4 26. Qxd5 Bxd5 27. Bc2 Rxa2 28. Rb1 Bxe5 29. Kf2 f5 30. Nd2 Bxc3 31. Rhd1 Bd4+ 32. Kf1 Bxb2 33. Ke2 e6 0-1

[Event "Marmaris Karya 4th"]
[Site "Marmaris"]
[Date "2019.01.29"]
[Round "5.5"]
[White "Alaz, Ahmet Efekan"]
[Black "Darban Vaighani, Morteza"]
[Result "1-0"]
[WhiteElo "2218"]
[BlackElo "2333"]
[PlyCount "43"]
[EventDate "2019.01.27"]
[EventType "schev"]
[EventRounds "10"]
[EventCountry "TUR"]
[SourceTitle "CBM 188 Extra"]
[Source "ChessBase"]
[SourceDate "2019.02.26"]
[SourceVersion "1"]
[SourceVersionDate "2019.02.26"]
[SourceQuality "1"]

1. e4 d6 2. d4 Nf6 3. Nc3 g6 4. f4 Bg7 5. Nf3 0-0 6. e5 Nfd7 7. Bc4 c5 8. e6 Nb6 9. exf7+ Kh8 10. h4 Nxc4 11. h5 Bf5 12. Nh4 Qd7 13. hxg6 Qe6+ 14. Qe2 Qxe2+ 15. Nxe2 Bg4 16. f5 cxd4 17. Nf3 h5 18. Nf4 Ne3 19. Bxe3 dxe3 20. Nxh5 Bxf3 21. Nf6+ Bh6 22. Ne8 1-0

[Event "Marmaris Karya 4th"]
[Site "Marmaris"]
[Date "2019.01.28"]
[Round "3.5"]
[White "Alaz, Ahmet Efekan"]
[Black "Pacher, Milan"]
[Result "1/2-1/2"]
[WhiteElo "2218"]
[BlackElo "2442"]
[PlyCount "61"]
[EventDate "2019.01.27"]
[EventType "schev"]
[EventRounds "10"]
[EventCountry "TUR"]
[SourceTitle "CBM 188 Extra"]
[Source "ChessBase"]
[SourceDate "2019.02.26"]
[SourceVersion "1"]
[SourceVersionDate "2019.02.26"]
[SourceQuality "1"]

1. d4 Nf6 2. Nf3 g6 3. Nc3 d5 4. Bf4 Bg7 5. e3 0-0 6. Be2 a6 7. Ne5 b5 8. Bf3 Bb7 9. 0-0 Nbd7 10. Nxd7 Qxd7 11. Be5 a5 12. Ne2 Rfc8 13. Nf4 b4 14. Nd3 Ba6 15. Nc5 Qd8 16. Re1 e6 17. a3 bxa3 18. Rxa3 c6 19. Qd2 Bb5 20. Nb7 Qb6 21. Nxa5 Bf8 22. b4 Nd7 23. Bg3 Ra6 24. Rea1 Qa7 25. c3 Nb6 26. Be2 Ra8 27. h3 Qd7 28. R3a2 Qa7 29. Ra3 Qd7 30. R3a2 Qa7 31. Ra3 1/2-1/2

[Event "Marmaris Karya 4th"]
[Site "Marmaris"]
[Date "2019.01.27"]
[Round "1.5"]
[White "Alaz, Ahmet Efekan"]
[Black "Haussernot, Cecile"]
[Result "0-1"]
[WhiteElo "2218"]
[BlackElo "2157"]
[PlyCount "146"]
[EventDate "2019.01.27"]
[EventType "schev"]
[EventRounds "10"]
[EventCountry "TUR"]
[SourceTitle "CBM 188 Extra"]
[Source "ChessBase"]
[SourceDate "2019.02.26"]
[SourceVersion "1"]
[SourceVersionDate "2019.02.26"]
[SourceQuality "1"]

1. f4 d5 2. Nf3 Bg4 3. e3 Nd7 4. h3 Bxf3 5. Qxf3 c6 6. c4 Ngf6 7. Nc3 e6 8. b3 Bb4 9. Bb2 Ne4 10. Nxe4 dxe4 11. Qf2 Be7 12. 0-0-0 Qa5 13. Kb1 Bf6 14. d3 exd3 15. Bxd3 0-0-0 16. Bxf6 Nxf6 17. Bc2 Qc3 18. e4 Kb8 19. e5 Nd7 20. Rd3 Qa5 21. Rhd1 Kc8 22. Qg3 Nc5 23. Rxd8+ Rxd8 24. Rxd8+ Qxd8 25. Qxg7 Qd4 26. Qxf7 Qg1+ 27. Kb2 Qd4+ 28. Kb1 Qg1+ 29. Kb2 Qd4+ 30. Ka3 b5 31. cxb5 Nd7 32. bxc6 Qc5+ 33. Kb2 Qd4+ 34. Kc1 Qe3+ 35. Kd1 Qg1+ 36. Kd2 Qf2+ 37. Kc3 Qe3+ 38. Bd3 Qc1+ 39. Kd4 Qg1+ 40. Kc3 Qc1+ 41. Bc2 Qe3+ 42. Kc4 Nb6+ 43. Kb5 Qe2+ 44. Ka5 Qxc2 45. Qxe6+ Kc7 46. Qd6+ Kc8 47. Qe6+ Kc7 48. Qd6+ Kc8 49. e6 Qxa2+ 50. Kb4 Qe2 51. e7 Qxe7 52. Qxe7 Nd5+ 53. Kc5 Nxe7 54. Kd6 Nf5+ 55. Ke5 Nh4 56. g3 Nf3+ 57. Kd6 Nd4 58. g4 Nxb3 59. f5 Nd2 60. Kd5 Nf3 61. f6 Ng5 62. h4 Nf7 63. Ke6 Nd8+ 64. Ke7 a5 65. g5 a4 66. h5 a3 67. g6 hxg6 68. hxg6 a2 69. g7 a1Q 70. g8Q Qe5+ 71. Kf8 Qxf6+ 72. Ke8 Ne6 73. Qf7 Qd8# 0-1

[Event "Marmaris Karya 3rd"]
[Site "Marmaris"]
[Date "2018.10.30"]
[Round "10.5"]
[White "Rzayev, Bahruz Iqbal Oglu"]
[Black "Alaz, Ahmet Efekan"]
[Result "1/2-1/2"]
[WhiteElo "2381"]
[BlackElo "2121"]
[PlyCount "61"]
[EventDate "2018.10.26"]
[EventType "schev"]
[EventRounds "10"]
[EventCountry "TUR"]
[SourceTitle "CBM 187 Extra"]
[Source "ChessBase"]
[SourceDate "2018.11.04"]
[SourceVersion "1"]
[SourceVersionDate "2018.11.04"]
[SourceQuality "1"]

1. e4 c6 2. d4 d5 3. Nd2 dxe4 4. Nxe4 Bf5 5. Ng3 Bg6 6. h4 h6 7. h5 Bh7 8. Nf3 Nd7 9. Bd3 Bxd3 10. Qxd3 e6 11. Bd2 Ngf6 12. 0-0-0 Be7 13. Kb1 0-0 14. Rhe1 Qc7 15. Ne5 c5 16. Nxd7 Qxd7 17. dxc5 Qxd3 18. cxd3 Bxc5 19. Be3 Rac8 20. Rc1 Bxe3 21. fxe3 Nd5 22. Nf1 Rfd8 23. Rxc8 Rxc8 24. Rc1 Rxc1+ 25. Kxc1 Nb4 26. Kd2 Nxa2 27. e4 Nb4 28. Kc3 Nc6 29. Ne3 Kf8 30. d4 Ke7 31. b4 1/2-1/2

[Event "Marmaris Karya 3rd"]
[Site "Marmaris"]
[Date "2018.10.27"]
[Round "3.5"]
[White "Alaz, Ahmet Efekan"]
[Black "Simantsev, Mikhail"]
[Result "1/2-1/2"]
[WhiteElo "2121"]
[BlackElo "2424"]
[PlyCount "76"]
[EventDate "2018.10.26"]
[EventType "schev"]
[EventRounds "10"]
[EventCountry "TUR"]
[SourceTitle "CBM 187 Extra"]
[Source "ChessBase"]
[SourceDate "2018.11.04"]
[SourceVersion "1"]
[SourceVersionDate "2018.11.04"]
[SourceQuality "1"]

1. d4 d5 2. Nf3 Nf6 3. e3 Bf5 4. Bd3 Bxd3 5. Qxd3 e6 6. Nbd2 Nbd7 7. e4 dxe4 8. Nxe4 Nxe4 9. Qxe4 c6 10. 0-0 Nf6 11. Qe2 Be7 12. Bg5 0-0 13. c3 Nd5 14. Bxe7 Qxe7 15. Rfe1 Rad8 16. Rad1 Rfe8 17. Ne5 Nf6 18. h3 Nd7 19. Nxd7 Rxd7 20. Rd2 Red8 21. Red1 Qf6 22. a4 Rd5 23. Rd3 g6 24. Rf3 Rf5 25. Rdd3 Rdd5 26. Qe4 Rxf3 27. Rxf3 Rf5 28. Rxf5 Qxf5 29. Qxf5 gxf5 30. f4 h5 31. g3 Kf8 32. Kf2 a5 33. Ke3 Ke7 34. Kd3 Kd6 35. b3 b6 36. c4 c5 37. h4 Kc6 38. Kc3 Kd6 1/2-1/2

[Event "Marmaris Karya 3rd"]
[Site "Marmaris"]
[Date "2018.10.26"]
[Round "1.5"]
[White "Alaz, Ahmet Efekan"]
[Black "Gevorgyan, Maria"]
[Result "1/2-1/2"]
[WhiteElo "2121"]
[BlackElo "2207"]
[PlyCount "191"]
[EventDate "2018.10.26"]
[EventType "schev"]
[EventRounds "10"]
[EventCountry "TUR"]
[SourceTitle "CBM 187 Extra"]
[Source "ChessBase"]
[SourceDate "2018.11.04"]
[SourceVersion "1"]
[SourceVersionDate "2018.11.04"]
[SourceQuality "1"]

1. d4 Nf6 2. Nf3 e6 3. e3 d5 4. Bd3 c5 5. c3 Nc6 6. Nbd2 Be7 7. 0-0 0-0 8. dxc5 a5 9. e4 a4 10. Re1 Bxc5 11. Qe2 Ng4 12. Rf1 Nce5 13. Nxe5 Nxe5 14. exd5 Nxd3 15. Qxd3 Qxd5 16. Qxd5 exd5 17. Nf3 Re8 18. Bd2 Ra6 19. Rfe1 Rae6 20. Nd4 Rxe1+ 21. Rxe1 Rxe1+ 22. Bxe1 Bd7 23. Bd2 f6 24. Be3 Kf7 25. Kf1 g5 26. f3 h5 27. Kf2 Bd6 28. g3 h4 29. a3 Kg6 30. Kg2 Kh5 31. Kf2 f5 32. Ne2 Bc7 33. Kg2 Bc6 34. Kf2 Bd6 35. Bb6 Kg6 36. Nd4 Bd7 37. Ne2 hxg3+ 38. hxg3 Be7 39. Ke3 Kf7 40. Nc1 Bd6 41. Ne2 Ke7 42. f4 Bb5 43. Nd4 gxf4+ 44. gxf4 Bd7 45. Nf3 Ke6 46. Ne1 Kf6 47. Nd3 Bb5 48. Ne1 Kg6 49. Kf3 Be7 50. Nc2 Bd3 51. Nd4 Kh5 52. Ne6 Be4+ 53. Ke3 Kg4 54. Bd8 Bd6 55. Bc7 Be7 56. Bd8 Bxd8 57. Nxd8 d4+ 58. Kxd4 Kxf4 59. c4 Kg3 60. Ne6 Bc6 61. Ke3 b6 62. Nf4 Bb7 63. Nh5+ Kg4 64. Nf4 Ba6 65. Ng6 Kg3 66. Nf4 Bxc4 67. Nh5+ Kg4 68. Nf4 Bf7 69. Nd3 Be8 70. Ne5+ Kg3 71. Nd3 Kg2 72. Ne5 Kg3 73. Nd3 Bc6 74. Nf4 Bb5 75. Nd5 Bd7 76. Nf4 Bc6 77. Ne2+ Kg2 78. Nd4 Bd7 79. Ne2 Kf1 80. Nc3 Ke1 81. Nd5 b5 82. Nf4 Kd1 83. Kd3 Bc6 84. Kc3 Be8 85. b3 axb3 86. Kxb3 Kd2 87. Kb2 Ke3 88. Nd5+ Kd4 89. Nf4 Bf7 90. Kc2 Ke3 91. Ng2+ Kf3 92. Nh4+ Kg4 93. Nxf5 Kxf5 94. Kc3 Ke4 95. a4 bxa4 96. Kb2 1/2-1/2

[Event "Sarajevo Bosna op 48th"]
[Site "Sarajevo"]
[Date "2018.05.11"]
[Round "9"]
[White "Marjanovic, Dejan"]
[Black "Alaz, Ahmet Efekan"]
[Result "1/2-1/2"]
[WhiteElo "2391"]
[BlackElo "2072"]
[PlyCount "88"]
[EventDate "2018.05.05"]
[EventType "swiss"]
[EventRounds "9"]
[EventCountry "BIH"]
[SourceTitle "CBM 184 Extra"]
[Source "ChessBase"]
[SourceDate "2018.06.28"]
[SourceVersion "1"]
[SourceVersionDate "2018.06.28"]
[SourceQuality "1"]

1. e4 e6 2. d4 d5 3. Nd2 dxe4 4. Nxe4 Bd7 5. Nf3 Bc6 6. Bd3 Nd7 7. 0-0 Be7 8. c3 Ngf6 9. Ned2 0-0 10. Re1 b6 11. a4 Bb7 12. a5 c5 13. a6 Bd5 14. Qe2 Rc8 15. c4 Bxf3 16. Nxf3 cxd4 17. Nxd4 Nc5 18. Rd1 Nxd3 19. Rxd3 Qc7 20. b3 Rfd8 21. Be3 Ne8 22. Rad1 Qe5 23. g3 Qb8 24. Bf4 Qa8 25. Nxe6 Rxd3 26. Rxd3 Bf6 27. Nd4 Bxd4 28. Rxd4 Nf6 29. Be5 Re8 30. Qd1 Ne4 31. Rd5 f6 32. Bd4 Qc8 33. Qh5 Ng5 34. Be3 Nf7 35. Kg2 Ne5 36. Bd4 Ng6 37. Qf3 Ne7 38. Rd6 Qc7 39. Re6 Qc8 40. Re3 Qxa6 41. Qg4 Qb7+ 42. Kg1 Kf8 43. Bb2 Qc8 44. Qh4 Ng6 1/2-1/2

[Event "Sarajevo Bosna op 48th"]
[Site "Sarajevo"]
[Date "2018.05.06"]
[Round "2"]
[White "Alaz, Ahmet Efekan"]
[Black "Nestorovic, Dejan"]
[Result "1/2-1/2"]
[WhiteElo "2072"]
[BlackElo "2364"]
[PlyCount "92"]
[EventDate "2018.05.05"]
[EventType "swiss"]
[EventRounds "9"]
[EventCountry "BIH"]
[SourceTitle "CBM 184 Extra"]
[Source "ChessBase"]
[SourceDate "2018.06.28"]
[SourceVersion "1"]
[SourceVersionDate "2018.06.28"]
[SourceQuality "1"]

1. f4 d5 2. Nf3 g6 3. g3 Bg7 4. Bg2 c6 5. d3 Nd7 6. c3 Qb6 7. e4 dxe4 8. dxe4 Nc5 9. Qe2 Be6 10. b4 Na4 11. Qc2 Qb5 12. Be3 Bc4 13. Bd4 Bxd4 14. Nxd4 Qa6 15. e5 Nh6 16. Bf3 0-0 17. Be2 Bxe2 18. Qxe2 Qb6 19. Qc2 c5 20. bxc5 Nxc5 21. 0-0 Rac8 22. Nd2 Ne6 23. Qd3 Rfd8 24. N2f3 Nf5 25. Rab1 Qa5 26. Rfc1 b6 27. Qb5 Qxa2 28. Nxf5 gxf5 29. Ra1 Qd5 30. Qxd5 Rxd5 31. Rxa7 Kf8 32. Nh4 Nd4 33. Ra2 e6 34. Rd2 Rcc5 35. Kf2 Nc6 36. Rxd5 Rxd5 37. Nf3 Rb5 38. Nd2 Rb2 39. Ke3 Na5 40. Kd3 Rxd2+ 41. Kxd2 Nb3+ 42. Kc2 Nxc1 43. Kxc1 Ke7 44. Kc2 Kd7 45. Kb3 Kc6 46. Kc4 b5+ 1/2-1/2

[Event "Istanbul op"]
[Site "Istanbul"]
[Date "2017.09.15"]
[Round "6"]
[White "Alaz, Ahmet Efekan"]
[Black "Erden, Kadir"]
[Result "0-1"]
[WhiteElo "2053"]
[BlackElo "2283"]
[PlyCount "84"]
[EventDate "2017.09.11"]
[EventType "swiss"]
[EventRounds "9"]
[EventCountry "TUR"]
[SourceTitle "CBM 180 Extra"]
[Source "ChessBase"]
[SourceDate "2017.10.06"]
[SourceVersion "1"]
[SourceVersionDate "2017.10.06"]
[SourceQuality "1"]

1. d4 Nf6 2. e3 g6 3. Bd3 Bg7 4. f4 c5 5. c3 0-0 6. Nf3 d5 7. Nbd2 b6 8. 0-0 a5 9. a4 Ba6 10. Qe2 cxd4 11. exd4 Bxd3 12. Qxd3 e6 13. Ne5 Qc7 14. b3 Rc8 15. Bb2 Nc6 16. Qf3 Qb7 17. g4 Rc7 18. g5 Ne8 19. h4 Ne7 20. h5 Nf5 21. Rf2 Ned6 22. hxg6 fxg6 23. Re1 Re8 24. Ng4 Qc8 25. Rh2 Qd7 26. Qh3 Bh8 27. Nf3 Rec8 28. Nfe5 Qe8 29. Nf6+ Bxf6 30. gxf6 Ne4 31. Rxe4 dxe4 32. Ba3 Rf7 33. Nxg6 Rg7 34. fxg7 Qxg6+ 35. Rg2 Qf6 36. Bf8 e3 37. Rh2 h6 38. Rc2 Nxd4 39. Rg2 Rxc3 40. Be7 Rc1+ 41. Kh2 Qxf4+ 42. Qg3 Nf3+ 0-1

[Event "Cubuk op 3rd"]
[Site "Cubuk"]
[Date "2017.08.20"]
[Round "3"]
[White "Guseynov, Alihan"]
[Black "Alaz, Ahmet Efekan"]
[Result "1/2-1/2"]
[WhiteElo "2399"]
[BlackElo "2048"]
[PlyCount "61"]
[EventDate "2017.08.19"]
[EventType "swiss"]
[EventRounds "9"]
[EventCountry "TUR"]
[SourceTitle "CBM 180 Extra"]
[Source "ChessBase"]
[SourceDate "2017.10.06"]
[SourceVersion "1"]
[SourceVersionDate "2017.10.06"]
[SourceQuality "1"]

1. d4 d5 2. c4 c6 3. Nf3 Nf6 4. e3 a6 5. Nc3 b5 6. b3 e6 7. Bd3 Bd6 8. 0-0 Nbd7 9. Qc2 b4 10. Ne2 0-0 11. Bb2 Qc7 12. Rac1 Bb7 13. cxd5 exd5 14. Ng3 Rfe8 15. Rfe1 Rac8 16. Nf5 Bf8 17. Ne5 g6 18. Ng3 Nxe5 19. dxe5 Nd7 20. f4 c5 21. e4 Qb6 22. Kh1 d4 23. Qe2 Bc6 24. Bxa6 Ra8 25. Bc4 Rxa2 26. Ra1 Rxa1 27. Rxa1 Qb7 28. h4 Nb6 29. Bd3 Qe7 30. Qg4 Bd7 31. Qg5 1/2-1/2

[Event "Troya op 25th"]
[Site "Canakkale"]
[Date "2017.08.12"]
[Round "9"]
[White "Guseynov, Alihan"]
[Black "Alaz, Ahmet Efekan"]
[Result "1/2-1/2"]
[WhiteElo "2399"]
[BlackElo "2048"]
[PlyCount "40"]
[EventDate "2017.08.07"]
[EventType "swiss"]
[EventRounds "9"]
[EventCountry "TUR"]
[SourceTitle "CBM 179 Extra"]
[Source "ChessBase"]
[SourceDate "2017.08.23"]
[SourceVersion "1"]
[SourceVersionDate "2017.08.23"]
[SourceQuality "1"]

1. c4 c5 2. Nf3 b6 3. d4 cxd4 4. Nxd4 Bb7 5. Nc3 Nf6 6. f3 d6 7. e4 Nbd7 8. Be2 e6 9. 0-0 a6 10. Be3 Be7 11. Qd2 0-0 12. Rfc1 Rc8 13. a4 Ne5 14. b3 Qc7 15. a5 bxa5 16. Na4 Nfd7 17. f4 Nc6 18. Bf3 Bf6 19. Rd1 Rfd8 20. Rac1 Nxd4 1/2-1/2

[Event "Troya op 25th"]
[Site "Canakkale"]
[Date "2017.08.11"]
[Round "8"]
[White "Alaz, Ahmet Efekan"]
[Black "Baltaci, Ismail Tarik"]
[Result "1/2-1/2"]
[WhiteElo "2048"]
[BlackElo "1946"]
[PlyCount "160"]
[EventDate "2017.08.07"]
[EventType "swiss"]
[EventRounds "9"]
[EventCountry "TUR"]
[SourceTitle "CBM 179 Extra"]
[Source "ChessBase"]
[SourceDate "2017.08.23"]
[SourceVersion "1"]
[SourceVersionDate "2017.08.23"]
[SourceQuality "1"]

1. e4 c5 2. Nf3 d6 3. Bd3 g6 4. c3 Bg7 5. Bc2 Bg4 6. 0-0 Nc6 7. d3 Nf6 8. Nbd2 0-0 9. h3 Bxf3 10. Nxf3 Nd7 11. Be3 b5 12. Qd2 b4 13. Ba4 bxc3 14. bxc3 Qc7 15. Bh6 Rab8 16. Bxg7 Kxg7 17. Nh2 Rb6 18. f4 Rfb8 19. f5 Rb2 20. Qf4 f6 21. fxg6 hxg6 22. Ng4 Rh8 23. Ne3 Nde5 24. Nd5 Qd8 25. Qe3 Qc8 26. Qg3 Rh5 27. Rf2 Rg5 28. Qe3 Qb7 29. Nf4 Nd8 30. Bb3 Rxf2 31. Qxf2 c4 32. Bxc4 Nxc4 33. dxc4 Re5 34. Nd5 Ne6 35. Re1 Nc5 36. Qc2 f5 37. Rb1 Qd7 38. exf5 Rxf5 39. Rf1 Qe6 40. Rxf5 gxf5 41. Qd2 Kf7 42. Qg5 Qe1+ 43. Kh2 Qe5+ 44. Qg3 Qe4 45. Nf4 Qe5 46. Qg6+ Kf8 47. g3 e6 48. h4 Ke7 49. h5 Qxc3 50. Qh7+ Kd8 51. h6 Qd2+ 52. Kh3 Qd1 53. Qg8+ Kc7 54. Qg7+ Kc6 55. Kh2 Nd3 56. Nxd3 Qe2+ 57. Kg1 Qxd3 58. Qg5 Qd1+ 59. Kf2 Qc2+ 60. Ke1 Qc3+ 61. Kd1 Qd3+ 62. Qd2 Qb1+ 63. Ke2 Qe4+ 64. Kf2 Qh1 65. Qe3 Qh2+ 66. Ke1 Qh1+ 67. Kd2 e5 68. Ke2 Qh2+ 69. Kd3 Qb2 70. Qd2 Qd4+ 71. Kc2 Qe4+ 72. Kb2 Qg4 73. Qd3 Qh5 74. Qd5+ Kc7 75. Qa5+ Kb7 76. Qd5+ Kc7 77. Qe6 Qe2+ 78. Kc3 Qe3+ 79. Kb2 Qd2+ 80. Kb3 Qd3+ 1/2-1/2

[Event "Troya op 25th"]
[Site "Canakkale"]
[Date "2017.08.09"]
[Round "4"]
[White "Alaz, Ahmet Efekan"]
[Black "Savchenko, Boris"]
[Result "0-1"]
[WhiteElo "2048"]
[BlackElo "2602"]
[PlyCount "66"]
[EventDate "2017.08.07"]
[EventType "swiss"]
[EventRounds "9"]
[EventCountry "TUR"]
[SourceTitle "CBM 179 Extra"]
[Source "ChessBase"]
[SourceDate "2017.08.23"]
[SourceVersion "1"]
[SourceVersionDate "2017.08.23"]
[SourceQuality "1"]

1. e4 Nf6 2. e5 Nd5 3. d4 d6 4. c4 Nb6 5. exd6 cxd6 6. Nc3 g6 7. Be3 Bg7 8. Nf3 0-0 9. Be2 Nc6 10. 0-0 Bg4 11. b3 d5 12. c5 Nc8 13. a3 b6 14. b4 bxc5 15. bxc5 e6 16. Qa4 N8e7 17. Bb5 Bxf3 18. Bxc6 Nxc6 19. Qxc6 Bxd4 20. Nb5 Bxe3 21. fxe3 Be2 22. Nd6 Bxf1 23. Rxf1 Rb8 24. a4 Qg5 25. h4 Qxe3+ 26. Kh2 Rb4 27. Rf3 Rxh4+ 28. Rh3 Rxh3+ 29. gxh3 Qf2+ 30. Kh1 Rb8 31. Nb5 Qf1+ 32. Kh2 Qf4+ 33. Kg2 Qxa4 0-1

[Event "Troya op 25th"]
[Site "Canakkale"]
[Date "2017.08.08"]
[Round "2"]
[White "Alaz, Ahmet Efekan"]
[Black "Akin, Yagiz Cinar"]
[Result "1-0"]
[WhiteElo "2048"]
[BlackElo "1933"]
[PlyCount "49"]
[EventDate "2017.08.07"]
[EventType "swiss"]
[EventRounds "9"]
[EventCountry "TUR"]
[SourceTitle "CBM 179 Extra"]
[Source "ChessBase"]
[SourceDate "2017.08.23"]
[SourceVersion "1"]
[SourceVersionDate "2017.08.23"]
[SourceQuality "1"]

1. d4 Nf6 2. c4 g6 3. Nc3 d5 4. e3 Bg7 5. Qb3 c6 6. Nf3 0-0 7. Be2 dxc4 8. Bxc4 e6 9. e4 b5 10. Be2 a6 11. 0-0 Ne8 12. e5 Nd7 13. Bg5 Qc7 14. Be7 Nxe5 15. Bxf8 Nxf3+ 16. Bxf3 Bxf8 17. Rac1 Bb7 18. d5 exd5 19. Nxd5 Qa5 20. Ne3 Rc8 21. Rfd1 Nd6 22. Ng4 Kg7 23. Qe3 Kg8 24. Nf6+ Kh8 25. Rxd6 1-0

[Event "TUR-chT 2nd League"]
[Site "Konya"]
[Date "2017.07.17"]
[Round "1.2"]
[White "Alaz, Ahmet Efekan"]
[Black "Selvi, Kaan"]
[Result "1-0"]
[WhiteElo "2015"]
[BlackElo "1826"]
[PlyCount "87"]
[EventDate "2017.07.17"]
[EventType "team-swiss"]
[EventRounds "9"]
[EventCountry "TUR"]
[SourceTitle "CBM 179 Extra"]
[Source "ChessBase"]
[SourceDate "2017.08.23"]
[SourceVersion "1"]
[SourceVersionDate "2017.08.23"]
[SourceQuality "1"]
[WhiteTeam "Berk Tugra Caliskan"]
[BlackTeam "Ordu Gul Bahcesi"]
[WhiteTeamCountry "TUR"]
[BlackTeamCountry "TUR"]

1. d4 c5 2. c3 cxd4 3. cxd4 d5 4. Nc3 Nc6 5. Nf3 Nf6 6. e3 e6 7. Bd3 Bd7 8. 0-0 Rc8 9. Qe2 Bd6 10. e4 dxe4 11. Nxe4 Nxe4 12. Bxe4 0-0 13. Rd1 f5 14. Bb1 Re8 15. a3 h6 16. Ba2 Qf6 17. Ne5 Qe7 18. Bf4 Nxe5 19. Bxe5 Bxe5 20. dxe5 Rc6 21. Qd3 Bc8 22. Qxf5 Rf8 23. Qg6 Qc5 24. Qg3 Qc2 25. Rab1 b6 26. Bb3 Qf5 27. Rd3 Ba6 28. Rdd1 Rc5 29. Re1 Rfc8 30. Rbd1 Rf8 31. Rd7 g5 32. Rd6 Bc4 33. Bd1 Bd5 34. Bg4 Qe4 35. f3 Qd4+ 36. Qf2 Qc4 37. Qd2 Qb3 38. Rc1 Rfc8 39. Re1 Rc2 40. Qb4 Qd3 41. Bxe6+ Kg7 42. Rxd5 Rxg2+ 43. Kxg2 Rc2+ 44. Kg3 1-0

[Event "Ankara Baskent Univ op 2nd"]
[Site "Ankara"]
[Date "2017.07.03"]
[Round "5"]
[White "Alaz, Ahmet Efekan"]
[Black "Drasko, Milan"]
[Result "1/2-1/2"]
[WhiteElo "2015"]
[BlackElo "2451"]
[PlyCount "84"]
[EventDate "2017.06.30"]
[EventType "swiss"]
[EventRounds "9"]
[EventCountry "TUR"]
[SourceTitle "CBM 179 Extra"]
[Source "ChessBase"]
[SourceDate "2017.08.23"]
[SourceVersion "1"]
[SourceVersionDate "2017.08.23"]
[SourceQuality "1"]

1. d4 e6 2. Nf3 Nf6 3. Nbd2 d5 4. e3 b6 5. c3 Be7 6. Bd3 0-0 7. Qe2 c5 8. 0-0 a5 9. e4 Ba6 10. Rd1 Bxd3 11. Qxd3 Nbd7 12. e5 Ne8 13. Nf1 c4 14. Qe2 b5 15. h3 Nc7 16. N3h2 f5 17. exf6 Nxf6 18. Bf4 Bd6 19. Bxd6 Qxd6 20. Ng3 b4 21. Nf3 Nb5 22. Rac1 Ra6 23. Ng5 h6 24. Nf3 a4 25. cxb4 Qxb4 26. a3 Qe7 27. Ne5 Qa7 28. Qe3 Rb6 29. Ng6 Re8 30. Re1 Nd6 31. Qf4 Qb8 32. Rc2 Nf7 33. Qc1 Ng5 34. Rce2 Rb3 35. h4 Nge4 36. Nxe4 Nxe4 37. f3 Ng3 38. Re5 Rxb2 39. Qf4 Nf5 40. g4 Nd6 41. Rxe6 Rxe6 42. Rxe6 Nf7 1/2-1/2

[Event "Sarajevo Bosna op 47th"]
[Site "Sarajevo"]
[Date "2017.05.16"]
[Round "6"]
[White "Schettler, Juergen"]
[Black "Alaz, Ahmet Efekan"]
[Result "0-1"]
[WhiteElo "2111"]
[BlackElo "1965"]
[PlyCount "106"]
[EventDate "2017.05.13"]
[EventType "swiss"]
[EventRounds "9"]
[EventCountry "BIH"]
[SourceTitle "CBM 178 Extra"]
[Source "ChessBase"]
[SourceDate "2017.06.22"]
[SourceVersion "1"]
[SourceVersionDate "2017.06.22"]
[SourceQuality "1"]

1. b3 d5 2. Bb2 Bg4 3. h3 Bh5 4. Nf3 Nd7 5. c4 e6 6. d3 Ngf6 7. Nbd2 Bg6 8. g3 Be7 9. Bg2 0-0 10. 0-0 c6 11. a3 a5 12. cxd5 exd5 13. Nh4 Ne8 14. Nxg6 hxg6 15. e3 Bd6 16. d4 Nc7 17. e4 dxe4 18. Nxe4 Be7 19. Re1 Re8 20. Qd2 Nd5 21. h4 Qb6 22. Qd3 Rad8 23. Nd2 Bf6 24. Nc4 Rxe1+ 25. Rxe1 Qb5 26. Qc2 Nf8 27. Bf1 Qa6 28. Ne5 Qb6 29. Nf3 Ne6 30. Rd1 Ne7 31. Qc4 Nf5 32. Bd3 Nfxd4 33. Nxd4 Bxd4 34. Bxd4 Rxd4 35. Qc2 Qc5 36. Qxc5 Nxc5 37. Bc2 Rxd1+ 38. Bxd1 Ne4 39. Kf1 Nd2+ 40. Ke1 Nb1 41. a4 Kf8 42. Bc2 Nc3 43. Kd2 Nd5 44. Be4 Ke7 45. Kd3 Kd6 46. Kd4 Nc7 47. Bc2 b5 48. Bd1 Ne6+ 49. Ke4 bxa4 50. bxa4 Kc5 51. Ke5 Nd4 52. f4 f6+ 53. Ke4 Nf5 0-1